[Event "NED-chT 1617"]
[Site "Netherlands"]
[Date "2017.02.04"]
[Round "6.9"]
[White "Balje, Jan"]
[Black "Quist, Johan"]
[Result "0-1"]
[WhiteElo "2230"]
[BlackElo "2309"]
[PlyCount "78"]
[EventDate "2016.09.17"]
[EventType "team-tourn"]
[EventRounds "9"]
[EventCountry "NED"]
[SourceTitle "EXT 2018"]
[Source "ChessBase"]
[SourceDate "2017.10.13"]
[SourceVersion "1"]
[SourceVersionDate "2017.10.13"]
[SourceQuality "1"]
[WhiteTeam "Groningen Combinatie"]
[BlackTeam "Rotterdam Pathena"]
[WhiteTeamCountry "NED"]
[BlackTeamCountry "NED"]

1. d4 Nf6 2. c4 e5 3. dxe5 Ng4 4. Nf3 Bc5 5. e3 Nc6 6. Nc3 Ngxe5 7. Nxe5 Nxe5 8. Be2 0-0 9. 0-0 Re8 10. b3 a5 11. Na4 Bf8 12. f4 Nc6 13. Bf3 d6 14. Nc3 g6 15. Bd2 Bg7 16. Rc1 Nb4 17. Qe2 Na6 18. Rce1 Nc5 19. g4 c6 20. Qg2 a4 21. b4 Nd3 22. Rb1 Qe7 23. Ne2 Qe6 24. b5 cxb5 25. Bd5 Qxg4 26. Rxb5 Qxg2+ 27. Kxg2 Nc5 28. Rb6 Ne4 29. Bb4 Nf6 30. Nc3 Rxe3 31. Nb5 Bh3+ 32. Kg1 Nxd5 33. cxd5 Bxf1 34. Kxf1 Rf3+ 35. Kg1 Rxf4 36. Bxd6 Rf5 37. Nc7 Rd8 38. Be7 Rd7 39. d6 Bf8 0-1

[Event "NED-chT 1617"]
[Site "Netherlands"]
[Date "2016.12.17"]
[Round "5.7"]
[White "Quist, Johan"]
[Black "Lahaye, Rick"]
[Result "0-1"]
[WhiteElo "2309"]
[BlackElo "2363"]
[PlyCount "66"]
[EventDate "2016.09.17"]
[EventType "team-tourn"]
[EventRounds "9"]
[EventCountry "NED"]
[SourceTitle "EXT 2018"]
[Source "ChessBase"]
[SourceDate "2017.10.13"]
[SourceVersion "1"]
[SourceVersionDate "2017.10.13"]
[SourceQuality "1"]
[WhiteTeam "Rotterdam Pathena"]
[BlackTeam "Charlois Europoort"]
[WhiteTeamCountry "NED"]
[BlackTeamCountry "NED"]

1. c4 e6 2. Nc3 d5 3. d4 Nf6 4. cxd5 exd5 5. Bg5 Be7 6. e3 Nbd7 7. Bd3 Nf8 8. Qc2 Ne6 9. Bh4 g6 10. Nge2 0-0 11. 0-0 Ng7 12. Rab1 Re8 13. b4 Nf5 14. Bg5 a6 15. a4 Ng4 16. Bf4 Be6 17. b5 a5 18. Ng3 Nxg3 19. Bxg3 Bd6 20. Qd2 h5 21. Be2 Bxg3 22. hxg3 Nf6 23. Rbc1 Kg7 24. Bf3 Rh8 25. e4 h4 26. Nxd5 Nxd5 27. exd5 Bxd5 28. Qf4 Bxf3 29. Qxf3 Rc8 30. Rfd1 hxg3 31. Qxg3 Rh5 32. Rc4 Qh8 33. Kf1 Re8 0-1

[Event "NED-chT 1617"]
[Site "Netherlands"]
[Date "2016.11.26"]
[Round "4.8"]
[White "Quist, Johan"]
[Black "Bitalzadeh, Ali"]
[Result "1-0"]
[WhiteElo "2309"]
[BlackElo "2397"]
[PlyCount "61"]
[EventDate "2016.09.17"]
[EventType "team-tourn"]
[EventRounds "9"]
[EventCountry "NED"]
[SourceTitle "EXT 2018"]
[Source "ChessBase"]
[SourceDate "2017.10.13"]
[SourceVersion "1"]
[SourceVersionDate "2017.10.13"]
[SourceQuality "1"]
[WhiteTeam "Rotterdam Pathena"]
[BlackTeam "Kennemer Combinatie"]
[WhiteTeamCountry "NED"]
[BlackTeamCountry "NED"]

1. c4 g6 2. g3 Bg7 3. Bg2 d6 4. Nc3 Nf6 5. e4 c5 6. Nge2 Nc6 7. 0-0 0-0 8. d3 a6 9. h3 Rb8 10. a4 Ne8 11. Be3 Nc7 12. d4 cxd4 13. Nxd4 Ne6 14. Nde2 Nc5 15. Rb1 Be6 16. Nd5 f5 17. Nef4 Bc8 18. exf5 Bxf5 19. b4 e5 20. bxc5 exf4 21. Nxf4 Bxb1 22. Ne6 Qf6 23. Qxb1 dxc5 24. Nxf8 Bxf8 25. Qb6 Qd6 26. Bd5+ Kh8 27. Bf4 Ne5 28. Rb1 h6 29. Qxd6 Bxd6 30. Rb6 Bc7 31. Re6 1-0

[Event "NED-chT 1617"]
[Site "Netherlands"]
[Date "2016.11.05"]
[Round "3.6"]
[White "Schoorl, Rob"]
[Black "Quist, Johan"]
[Result "1/2-1/2"]
[WhiteElo "2315"]
[BlackElo "2309"]
[PlyCount "121"]
[EventDate "2016.09.17"]
[EventType "team-tourn"]
[EventRounds "9"]
[EventCountry "NED"]
[SourceTitle "EXT 2018"]
[Source "ChessBase"]
[SourceDate "2017.10.13"]
[SourceVersion "1"]
[SourceVersionDate "2017.10.13"]
[SourceQuality "1"]
[WhiteTeam "Calder HMC"]
[BlackTeam "Rotterdam Pathena"]
[WhiteTeamCountry "NED"]
[BlackTeamCountry "NED"]

1. g3 c5 2. Bg2 Nc6 3. Nf3 g6 4. 0-0 Bg7 5. e4 d6 6. d3 e5 7. Nbd2 Nge7 8. c3 0-0 9. a3 b5 10. b4 cxb4 11. axb4 a5 12. bxa5 Rxa5 13. Rb1 Qc7 14. d4 Bd7 15. Bb2 Rb8 16. Ba1 Ra4 17. Rxb5 Na5 18. Rxb8+ Qxb8 19. Qb1 Qc7 20. Rc1 Nec6 21. Bf1 exd4 22. cxd4 Qa7 23. e5 dxe5 24. dxe5 Bf5 25. Qb5 Rb4 26. Qd5 Be6 27. Qd3 Qc7 28. Bc3 Rb8 29. Qa6 Bc8 30. Qe2 Bd7 31. Ra1 Nb3 32. Nxb3 Rxb3 33. Qc4 Rb8 34. Re1 Rc8 35. Qf4 h6 36. h4 Be6 37. Bd3 Qd7 38. Bb1 Ne7 39. Bb2 Nd5 40. Qd2 Ne7 41. Qxd7 Bxd7 42. Nd4 Nc6 43. Nxc6 Rxc6 44. Rd1 Bg4 45. Rd8+ Kh7 46. f4 Rb6 47. Rd2 Bf8 48. Ba2 Rb7 49. Bd4 Rd7 50. Be3 Rxd2 51. Bxd2 Bc5+ 52. Kg2 Kg7 53. Bd5 h5 54. Ba5 Bd4 55. Bd8 Kf8 56. Bf3 Be6 57. Bf6 Bc5 58. g4 hxg4 59. Be2 Bb4 60. Bd8 Bd2 61. Bg5 1/2-1/2

[Event "NED-chT 1516"]
[Site "Netherlands"]
[Date "2015.09.26"]
[Round "1.7"]
[White "Maatman, Nick"]
[Black "Quist, Johan"]
[Result "1/2-1/2"]
[WhiteElo "2248"]
[BlackElo "2318"]
[PlyCount "88"]
[EventDate "2015.09.26"]
[EventType "team-tourn"]
[EventRounds "9"]
[EventCountry "NED"]
[SourceTitle "EXT 2016"]
[Source "ChessBase"]
[SourceDate "2015.10.08"]
[SourceVersion "1"]
[SourceVersionDate "2015.10.08"]
[SourceQuality "1"]
[WhiteTeam "SISSA"]
[BlackTeam "Rotterdam Pathena"]
[WhiteTeamCountry "NED"]
[BlackTeamCountry "NED"]

1. d4 Nf6 2. c4 g6 3. Nc3 Bg7 4. Nf3 c5 5. e3 0-0 6. Be2 cxd4 7. exd4 d5 8. cxd5 Nxd5 9. 0-0 Nc6 10. h3 b6 11. Bg5 h6 12. Bh4 Bb7 13. Qd2 Rc8 14. Bg3 Nxc3 15. bxc3 e5 16. Rad1 exd4 17. cxd4 Qd5 18. Be5 Nxe5 19. dxe5 Rfd8 20. Qf4 Qe4 21. Qxe4 Bxe4 22. Rxd8+ Rxd8 23. Rc1 Bxf3 24. Bxf3 Bxe5 25. Rc2 Kg7 26. g3 Rd4 27. Kg2 Bd6 28. Be2 Bc5 29. Bc4 a5 30. a4 f5 31. Bb5 Kf6 32. Re2 h5 33. h4 f4 34. Rc2 Rb4 35. Rd2 fxg3 36. fxg3 Bd4 37. Be8 Be5 38. Rd3 Rb2+ 39. Kf3 Rb4 40. Kg2 Rb2+ 41. Kf3 Rb1 42. Kg2 Re1 43. Rf3+ Kg7 44. Rf7+ Kh6 1/2-1/2

[Event "NED-chT 1415"]
[Site "Netherlands"]
[Date "2015.03.21"]
[Round "7.3"]
[White "Quist, Johan"]
[Black "Brandenburg, Daan"]
[Result "0-1"]
[WhiteElo "2303"]
[BlackElo "2534"]
[PlyCount "52"]
[EventDate "2014.09.27"]
[EventType "team-tourn"]
[EventRounds "9"]
[EventCountry "NED"]
[SourceTitle "EXT 2016"]
[Source "ChessBase"]
[SourceDate "2015.10.08"]
[SourceVersion "1"]
[SourceVersionDate "2015.10.08"]
[SourceQuality "1"]
[WhiteTeam "Rotterdam"]
[BlackTeam "Groningen"]
[WhiteTeamCountry "NED"]
[BlackTeamCountry "NED"]

1. c4 e5 2. g3 Nf6 3. Bg2 d5 4. cxd5 Nxd5 5. Nf3 Nc6 6. 0-0 Nb6 7. Nc3 Be7 8. a4 a5 9. Nb5 0-0 10. d4 exd4 11. Nfxd4 Nb4 12. e4 c6 13. Nc3 Bf6 14. Nce2 Nc4 15. Qb3 Nd6 16. Rd1 Qe7 17. Nc3 Rd8 18. Rb1 c5 19. Ndb5 c4 20. Qa3 Nxb5 21. Rxd8+ Qxd8 22. axb5 Be6 23. Bf4 Bd4 24. Ne2 Bb6 25. Qf3 Qd7 26. Nc3 Bg4 0-1

[Event "NED-chT 1415"]
[Site "Netherlands"]
[Date "2014.11.22"]
[Round "3.10"]
[White "Quist, Johan"]
[Black "De Jong, Jan Willem"]
[Result "1/2-1/2"]
[WhiteElo "2303"]
[BlackElo "2455"]
[PlyCount "62"]
[EventDate "2014.09.27"]
[EventType "team-tourn"]
[EventRounds "9"]
[EventCountry "NED"]
[SourceTitle "EXT 2016"]
[Source "ChessBase"]
[SourceDate "2015.10.08"]
[SourceVersion "1"]
[SourceVersionDate "2015.10.08"]
[SourceQuality "1"]
[WhiteTeam "Rotterdam"]
[BlackTeam "Leiden LSG"]
[WhiteTeamCountry "NED"]
[BlackTeamCountry "NED"]

1. c4 c6 2. Nf3 d5 3. b3 Nf6 4. g3 g6 5. Bb2 Bg7 6. Bg2 0-0 7. 0-0 Bg4 8. d3 Bxf3 9. Bxf3 e6 10. Nd2 Nbd7 11. b4 h5 12. h4 Ne8 13. Bxg7 Nxg7 14. Bg2 Qf6 15. Rb1 Rfd8 16. b5 Nf5 17. bxc6 bxc6 18. Qa4 Ne5 19. Rb7 a5 20. cxd5 cxd5 21. Qf4 Kg7 22. Nf3 Nxf3+ 23. Bxf3 Nd4 24. Qxf6+ Kxf6 25. Kg2 Rdb8 26. Rfb1 Rxb7 27. Rxb7 Rc8 28. Ra7 Rc2 29. Rxa5 Nxe2 30. Bxe2 Rxe2 31. Kf3 Rb2 1/2-1/2

[Event "NED-chT 1314"]
[Site "Netherlands"]
[Date "2014.02.08"]
[Round "5.7"]
[White "Quist, Johan"]
[Black "Van Oosterom, Chiel"]
[Result "0-1"]
[WhiteElo "2310"]
[BlackElo "2380"]
[PlyCount "164"]
[EventDate "2013.09.21"]
[EventType "team-tourn"]
[EventRounds "9"]
[EventCountry "NED"]
[SourceTitle "EXT 2015"]
[Source "ChessBase"]
[SourceDate "2014.11.20"]
[SourceVersion "1"]
[SourceVersionDate "2014.11.20"]
[SourceQuality "1"]
[WhiteTeam "Rotterdam"]
[BlackTeam "Utrecht"]
[WhiteTeamCountry "NED"]
[BlackTeamCountry "NED"]

1. c4 f5 2. g3 Nf6 3. Bg2 g6 4. Nc3 Bg7 5. d3 0-0 6. e4 fxe4 7. dxe4 d6 8. Nge2 c5 9. 0-0 Nc6 10. h3 e5 11. Be3 Nd4 12. f4 Be6 13. Nd5 Nxe2+ 14. Qxe2 Nh5 15. Kh2 Bxd5 16. exd5 exf4 17. Bxf4 Nxf4 18. Rxf4 Rxf4 19. gxf4 Qf8 20. Rf1 Re8 21. Qd2 b6 22. b3 Qe7 23. Bf3 Bd4 24. Bg4 Qe3 25. Qxe3 Rxe3 26. f5 h5 27. Bf3 gxf5 28. Bxh5 Be5+ 29. Kg2 Rg3+ 30. Kf2 Rxh3 31. Bg6 f4 32. Be4 Bd4+ 33. Kg2 Rg3+ 34. Kh2 Re3 35. Bf3 Rd3 36. Kh3 Rd2 37. Kg4 Be5 38. a4 Rb2 39. Bd1 Rg2+ 40. Kf5 Kf8 41. Bg4 Rh2 42. Rf3 Rh7 43. Ke4 Ke7 44. Rh3 Rg7 45. Kf3 Kd8 46. Rh8+ Kc7 47. Rf8 Rh7 48. Bf5 Rh2 49. Rf7+ Kd8 50. Rxa7 Rb2 51. Bd3 Rxb3 52. Ke4 Rb4 53. a5 bxa5 54. Rxa5 Kc7 55. Ra8 Rb2 56. Ra7+ Kb6 57. Rh7 Rg2 58. Rh3 Ka5 59. Rf3 Kb4 60. Bf1 Rc2 61. Bd3 Rh2 62. Rf1 Rh3 63. Rf3 Rh8 64. Rf1 Re8 65. Rb1+ Kc3 66. Rc1+ Kb2 67. Rc2+ Kb3 68. Kf3 Rh8 69. Re2 Rh4 70. Ke4 f3+ 71. Kxf3 Kc3 72. Bb1 Rf4+ 73. Ke3 Kxc4 74. Ba2+ Kc3 75. Re1 Rd4 76. Kf3 c4 77. Re4 Rd3+ 78. Kg4 Bd4 79. Kf5 Rd2 80. Bxc4 Kxc4 81. Ke6 Kc5 82. Re1 Rd3 0-1

[Event "Wijk aan Zee op"]
[Site "Wijk aan Zee"]
[Date "1997.??.??"]
[Round "2"]
[White "Quist, Johan"]
[Black "Cherniaev, Alexander"]
[Result "0-1"]
[WhiteElo "2295"]
[BlackElo "2455"]
[PlyCount "126"]
[EventDate "1997.01.??"]
[EventType "swiss"]
[EventRounds "9"]
[EventCountry "NED"]
[SourceTitle "EXT 2002"]
[Source "ChessBase"]
[SourceDate "2001.11.25"]
[SourceVersion "1"]
[SourceVersionDate "2001.11.25"]
[SourceQuality "1"]

1. Nf3 Nf6 2. c4 g6 3. Nc3 Bg7 4. e4 d6 5. d4 0-0 6. Be2 e5 7. Be3 Na6 8. 0-0 Ng4 9. Bg5 Qe8 10. dxe5 dxe5 11. h3 h6 12. Bc1 Nf6 13. Be3 Qe7 14. Nd5 Qd8 15. Nxf6+ Qxf6 16. a3 c6 17. c5 Nc7 18. Nd2 Ne6 19. Nc4 Nf4 20. Bg4 Qg5 21. Nd6 f5 22. Bxf4 Qxf4 23. Bf3 Be6 24. Qc2 Rab8 25. Rad1 Qg5 26. Be2 Kh7 27. Bc4 Bd7 28. Nxf5 Bxf5 29. exf5 gxf5 30. Qd2 Rbd8 31. Qxg5 hxg5 32. f3 Kg6 33. Rd6+ Rxd6 34. cxd6 Rd8 35. Rd1 Bf8 36. d7 Bc5+ 37. Kf1 Bd4 38. g4 fxg4 39. hxg4 Rxd7 40. a4 Kf6 41. b3 a6 42. Bd3 Rd8 43. Kg2 Ke7 44. Rh1 Kd6 45. Rh7 Rb8 46. Kf1 Kc5 47. Ke2 Kb4 48. Bc4 b5 49. axb5 axb5 50. Be6 Kc3 51. Rc7 c5 52. Rg7 e4 53. Rxg5 e3 54. Bd5 Rb6 55. Rg8 Rh6 56. Re8 Rh2+ 57. Ke1 Kc2 58. Bc6 b4 59. Bd5 Bc3+ 60. Kf1 Kd2 61. Bc4 Bd4 62. Kg1 Rf2 63. Kh1 e2 0-1

[Event "Antwerp op"]
[Site "Antwerp"]
[Date "1994.??.??"]
[Round "9"]
[White "Boey, Josef Martin"]
[Black "Quist, Johan"]
[Result "0-1"]
[WhiteElo "2305"]
[BlackElo "2280"]
[PlyCount "86"]
[EventDate "1994.08.??"]
[EventType "swiss"]
[EventRounds "9"]
[EventCountry "BEL"]
[SourceTitle "EXT 1998"]
[Source "ChessBase"]
[SourceDate "1997.11.17"]
[SourceVersion "1"]
[SourceVersionDate "1997.11.17"]
[SourceQuality "1"]

1. e4 c5 2. Nf3 d6 3. c3 Nf6 4. Bd3 Nc6 5. Bc2 Bg4 6. h3 Bxf3 7. Qxf3 g6 8. d3 Bg7 9. Nd2 0-0 10. Nf1 b5 11. g4 b4 12. Bd2 bxc3 13. bxc3 Rb8 14. Ne3 Nd7 15. Rc1 Qa5 16. Bb3 Nde5 17. Qe2 Qa6 18. Nc4 Nxc4 19. Bxc4 Qa3 20. f4 Na5 21. h4 Nxc4 22. dxc4 Qxa2 23. Qd3 Rb2 24. h5 Rfb8 25. hxg6 hxg6 26. f5 gxf5 27. gxf5 Rb1 28. f6 Rxc1+ 29. Bxc1 Qg2 30. Rh3 Qg1+ 31. Kd2 Qf2+ 32. Kd1 Qxf6 33. Kc2 Qf2+ 34. Bd2 a5 35. Rf3 Qg1 36. Rf1 Qg2 37. Re1 a4 38. Qe3 a3 39. Rg1 Rb2+ 40. Kc1 Rxd2 41. Rxg2 Rxg2 42. Kb1 a2+ 43. Ka1 Rc2 0-1

[Event "Berliner Sommer 11th"]
[Site "Berlin"]
[Date "1993.??.??"]
[Round "?"]
[White "Guliev, Sarhan"]
[Black "Quist, Johan"]
[Result "1/2-1/2"]
[WhiteElo "2465"]
[BlackElo "2275"]
[PlyCount "109"]
[EventDate "1993.08.??"]
[EventType "swiss"]
[EventRounds "9"]
[EventCountry "GER"]
[SourceTitle "EXT 2002"]
[Source "ChessBase"]
[SourceDate "2001.11.25"]
[SourceVersion "1"]
[SourceVersionDate "2001.11.25"]
[SourceQuality "1"]

1. d4 d5 2. c4 dxc4 3. Nf3 Nf6 4. e3 c5 5. Bxc4 e6 6. 0-0 a6 7. Qe2 b5 8. Bb3 Bb7 9. Rd1 Nbd7 10. a4 b4 11. a5 Be7 12. Nbd2 0-0 13. Nc4 Qc7 14. Nfe5 Nxe5 15. dxe5 Nd7 16. e4 Bc6 17. f4 Rfd8 18. Bc2 Bb5 19. b3 Nb8 20. f5 Nc6 21. Bf4 Rxd1+ 22. Bxd1 Qd7 23. Qd2 Qxd2 24. Nxd2 Rd8 25. Kf2 Nxe5 26. Be2 Nd3+ 27. Bxd3 Rxd3 28. Rc1 exf5 29. exf5 Bf6 30. Ne4 Bd4+ 31. Ke1 Rxb3 32. Nxc5 Rb2 33. Bd2 h6 34. g4 Be5 35. h3 Kh7 36. Kd1 Bf6 37. Ke1 Bh4+ 38. Kd1 Bf6 39. Ke1 Bh4+ 40. Kd1 Bf2 41. Ne4 Bd4 42. Nd6 Bf1 43. h4 f6 44. g5 hxg5 45. hxg5 fxg5 46. Ne4 Bf6 47. Rc7 Rb1+ 48. Bc1 Bb2 49. f6 Kg8 50. Rxg7+ Kf8 51. Kc2 Rxc1+ 52. Kxb2 Rc6 53. Rb7 Bd3 54. Nxg5 Rxf6 55. Rxb4 1/2-1/2

[Event "Berliner Sommer 11th"]
[Site "Berlin"]
[Date "1993.??.??"]
[Round "?"]
[White "Quist, Johan"]
[Black "Skora, Waldemar"]
[Result "1-0"]
[WhiteElo "2275"]
[BlackElo "2250"]
[PlyCount "59"]
[EventDate "1993.08.??"]
[EventType "swiss"]
[EventRounds "9"]
[EventCountry "GER"]
[SourceTitle "EXT 1997"]
[Source "ChessBase"]
[SourceDate "1996.11.15"]
[SourceVersion "1"]
[SourceVersionDate "1996.11.15"]
[SourceQuality "1"]

1. Nf3 d5 2. d4 Nf6 3. c4 e6 4. Nc3 c5 5. cxd5 exd5 6. g3 Nc6 7. Bg2 Be7 8. 0-0 0-0 9. dxc5 d4 10. Na4 Bf5 11. Bd2 Be4 12. b4 Qd5 13. Qb3 Qh5 14. b5 Ne5 15. Nxd4 Rad8 16. Bc3 Bd5 17. Qc2 Neg4 18. h3 Bxg2 19. Kxg2 Qd5+ 20. Nf3 h5 21. Rad1 Qc4 22. hxg4 Nxg4 23. Qb3 Qxe2 24. Rde1 Ne3+ 25. Kg1 Qxf3 26. Rxe3 Qg4 27. Rxe7 Rd3 28. Qc2 Rfd8 29. Re8+ Rxe8 30. Qxd3 1-0

[Event "Dieren op"]
[Site "Dieren"]
[Date "1990.??.??"]
[Round "2"]
[White "Martinovic, Slobodan"]
[Black "Quist, Johan"]
[Result "1-0"]
[WhiteElo "2410"]
[BlackElo "2280"]
[PlyCount "95"]
[EventDate "1990.07.??"]
[EventType "swiss"]
[EventRounds "9"]
[EventCountry "NED"]
[SourceTitle "CBM 019 Extra"]
[Source "ChessBase"]
[SourceDate "1991.01.01"]
[SourceVersion "1"]
[SourceVersionDate "1991.01.01"]
[SourceQuality "1"]

1. e4 c5 2. Nf3 Nc6 3. Bb5 e6 4. 0-0 Nge7 5. c3 a6 6. Ba4 c4 7. Bc2 d5 8. d4 cxd3 9. Qxd3 Qc7 10. Re1 dxe4 11. Qxe4 Ng6 12. Nbd2 Be7 13. a4 0-0 14. Nc4 b6 15. Qg4 f5 16. Qg3 Qxg3 17. hxg3 Rb8 18. Bg5 Kf7 19. Bb3 b5 20. axb5 axb5 21. Na5 Nxa5 22. Rxa5 b4 23. Rxf5+ Bf6 24. Bxf6 gxf6 25. Bxe6+ Kg7 26. Rc5 Bxe6 27. Rxe6 bxc3 28. bxc3 Rb1+ 29. Re1 Rb2 30. Nd4 Ra8 31. Nf5+ Kg8 32. Rc7 Ne5 33. Rd1 Rba2 34. f4 Ra1 35. Rxa1 Rxa1+ 36. Kf2 Ng4+ 37. Kf3 h5 38. Ne3 Nh2+ 39. Ke4 Re1 40. Kd3 Ng4 41. Nf5 Rd1+ 42. Ke4 Rd2 43. c4 Rxg2 44. c5 Re2+ 45. Kd3 Ra2 46. c6 Ra5 47. Rg7+ Kf8 48. c7 1-0